第44回高校生クイズ 全国大会出場校 - Statistics

General Stats
  • This quiz has been taken 45 times
  • The average score is 6 of 40
Answer Stats
Answer % Correct
89%
ラ・サール
68%
東大寺学園
53%
栄東
37%
京都府立洛北
24%
北海道札幌北
21%
栃木県立宇都宮
21%
茨城県立土浦第一
18%
茨城県立水戸第一
18%
愛知県立旭丘
18%
筑波大学附属
16%
智辯学園和歌山
16%
岩手県立盛岡第一
13%
吉祥女子
11%
愛知県立一宮
11%
三重県立川越
11%
四天王寺
11%
秋田県立秋田南
8%
早稲田実業
8%
兵庫県立長田
8%
岡山白陵
8%
開智
5%
昭和学院秀英
5%
横浜市立南
5%
三重県立津
5%
広島市立基町
5%
福岡県立筑紫丘
5%
宮崎県立宮崎大宮
5%
札幌日本大学
3%
千葉県立東葛飾
3%
洗足学園
3%
駿台甲府
3%
長野県上田
3%
長野県諏訪清陵
3%
静岡県立沼津東
3%
大阪教育大学附属池田
3%
新居浜工業高等専門学校
3%
松山東雲
3%
上智福岡
3%
徳島県立城東
0%
No matching quizzes found
Score Distribution
Percent of People with Each Score
Percentile by Number Answered
Your Score History
You have not taken this quiz